| 000 | 00660nam a2200193Ia 4500 | ||
|---|---|---|---|
| 003 | OSt | ||
| 005 | 20250617144957.0 | ||
| 008 | 210210b2001 xxu||||| |||| 00| 0 eng d | ||
| 040 | _cAL | ||
| 041 | _aKannada | ||
| 082 | _aK894.8 GAUS | ||
| 100 |
_aGAURISHA KAYKINI. _dಗೌರೀಶ ಕಾಯ್ಕಿಣಿ _9215225 |
||
| 245 |
_aSamagra sahitya. samputa 9- patrika lekhanagalu _bಸಮಗ್ರ ಸಾಹಿತ್ಯ - ಸಂಪುಟ ೯ - ಪತ್ರಿಕಾ ಲೇಖನಗಳು |
||
| 260 |
_aAnkola. _bShriraghavendra Prakashana., _c2001 |
||
| 300 | _aiii,352,iv | ||
| 690 |
_aKannada Miscellaneous _9215226 |
||
| 906 | _a056967 | ||
| 942 |
_2ddc _cBK |
||
| 999 |
_c104465 _d104465 |
||